000 01082nam a22002657a 4500
005 20101206113148.0
008 101206t xxu||||| |||| 00| 0 hin d
010 _aHIN-93291
020 _c150.00
_a8188913235
035 _aHN-65637
037 _bDBAD/PUB
040 _aDPL
_bHN
082 _a363.7
100 _924598
_aमिश्र, शिवगोपाल
245 _aप्लास्टिक प्रदूषण और विकल्प /
_cशिवगोपाल मिश्र
260 _aदिल्ली
_bग्रंथ सदन
_c2011
270 _bदिल्ली
_a27/109-ए/3, ज्वाला नगर
_e110032
300 _a79पृ.
_c22सेमी (सजिल्द)
_bसचित्र
650 _91169
650 _929580
700 _924599
700 _924924
942 _2ddc
_cHN
_mमिश्रशि
_h363.7
999 _c54090
_d54090